000 00250nam a2200109Ia 4500
008 220204s9999 xx 000 0 und d
082 _a741.0(026)
_bMYR
245 0 _aDrawing
260 _aLondon
_bUsborne
_c1981
700 _aMyring, Lynn
942 _cBK
999 _c38425
_d38425